| 000 | 01149cam a22003257a 4500 | ||
|---|---|---|---|
| 003 | CHAP | ||
| 005 | 20220329133306.0 | ||
| 008 | 971013s1990 r 00010 d | ||
| 010 | _a4429 | ||
| 011 | _a5401 | ||
| 035 | _a4608 | ||
| 040 | _cCHAP | ||
| 082 |
_a338.14 _bY6Y |
||
| 100 | 0 | 0 |
_aYoung, R. H. _9123229 |
| 245 | 0 | _aEstudios de mercado para productos alimenticios y procesamiento de alimentos en los paĆses en desarrollo | |
| 260 |
_aMontevideo, Uruguay : _bCentro Internacional de Investigaciones para el Desarrollo, _c1990 |
||
| 300 | _a170 p. | ||
| 490 | 0 |
_aIDRC _v; 2495 |
|
| 500 | _aTrabajos Presentados en un Seminario Celebrado en Singapur del 1 al 4 de abril de 1986 | ||
| 590 |
_aBATCH-UPD _b10 _c20130110 _lUCH01 _h1151 |
||
| 590 |
_aBATCH-UPD _b10 _c20130410 _lUCH01 _h0735 |
||
| 590 |
_aCONVERSION _b10 _c20130109 _lUCH01 _h1304 |
||
| 650 | 1 | 4 |
_aAlimentos _xMercadeo _xPaises subdesarrollados. _94252 |
| 650 | 1 | 4 |
_aAlimentos _xProcesado. _94267 |
| 700 | 0 |
_aMacCormac, C. M. _969346 |
|
| 830 | 0 |
_aIDRC _v; 2495 _957298 |
|
| 901 | _aBK | ||
| 942 | _cLIBRO | ||
| 949 |
_a338.14 Y6Y _bBC _cLIBRO _d33724000111860 _eLIBRO _h80085 _i4608 _si |
||
| 999 |
_c4429 _d4429 |
||